|
|
|
|
| LEADER |
00000ny a22000003n 4500 |
| 005 |
20110614122527.0 |
| 008 |
A10218s1999 sp || 000|0 spa d |
| 020 |
|
|
|a 9788495027634
|
| 035 |
|
|
|a 3315
|
| 040 |
|
|
|a BUS
|d vLex
|
| 080 |
|
|
|a 351.811 : 656.1 460
|
| 080 |
|
|
|a 351.812 : 656.2 460
|
| 090 |
|
|
|c 658
|d 658
|
| 245 |
0 |
3 |
|a El derecho de los transportes terrestres
|h [Recurso electrn̤ico]
|c Jos ̌Bermejo Vera, director
|
| 256 |
|
|
|a Servicio en ln̕ea
|
| 260 |
|
|
|a Barcelona
|b Cedecs,
|c 1999
|
| 300 |
|
|
|a 381 p. ;
|c 24 cm
|
| 490 |
1 |
|
|a Derecho administrativo
|
| 506 |
1 |
|
|a Contenido solo disponible en los productos indicados
|d vLex Global
|d vLex Global (Academic Edition, excluding Law Schools)
|d vLex Global (U.S. Academic Edition, Law Schools)
|d vLex Global (U.S. Academic Edition, excluding Law Schools)
|d vLex Global (Academic Edition, Law Schools)
|
| 650 |
0 |
7 |
|a Transportes terrestres
|2 Tesauro vLex
|
| 700 |
1 |
|
|a Bermejo Vera, Jos,̌
|e dir.
|
| 740 |
0 |
|
|a vLex Libros (Servicios en ln̕ea)
|
| 830 |
|
0 |
|a Derecho administrativo (Cedecs)
|
| 856 |
4 |
0 |
|u http://vlex.com/source/3315
|z Acceso restringido
|
| 942 |
|
|
|c BOOK
|
| 999 |
0 |
|
|a Law
|b Barcelona
|